| 000 | 00644nam a2200205 i 4500 | ||
|---|---|---|---|
| 001 | 141613 | ||
| 003 | ES-MaACL | ||
| 005 | 20250902053212.0 | ||
| 007 | t| | ||
| 008 | 070926s1971 sp ||||1| spa d | ||
| 080 | _a336.241.3(46) | ||
| 080 | _a658.166(46) | ||
| 100 | 1 |
_aVillodres García, Francisco. _9115267 |
|
| 245 | 1 | 3 |
_aLa supresión de impedimentos fiscales a las asociaciones y uniones de empresas / _cFrancisco Villodres García. |
| 260 |
_aMálaga : _bEdicista, _c1971. |
||
| 300 |
_a118 p. ; _c22 cm. |
||
| 650 | 1 | 4 |
_aSociedades- _xFusión _917180 |
| 852 |
_aES-MaACL _jC-46833 _bR.76914 |
||
| 999 |
_c141613 _d141613 |
||